R v Richmond upon Thames LBC, ex parte McCarthy & Stone (Developments) Ltd (Record no. 25431)

MARC details
000 -LEADER
fixed length control field 01038cab a2200217 4500
001 - CONTROL NUMBER
control field ABS42953
008 - FIXED-LENGTH DATA ELEMENTS--GENERAL INFORMATION
fixed length control field 090401t1990 xxu||||| |||| 00| 0 eng d
035 ## - SYSTEM CONTROL NUMBER
System control number (Sirsi) u39702
041 ## - LANGUAGE CODE
Language code of text/sound track or separate title eng
245 ## - TITLE STATEMENT
Title R v Richmond upon Thames LBC, ex parte McCarthy & Stone (Developments) Ltd
260 ## - PUBLICATION, DISTRIBUTION, ETC.
Date of publication, distribution, etc. 1990
350 ## - PRICE (NR) (BK AM CF MU VM SE) [OBSOLETE]
Price 0
490 ## - SERIES STATEMENT
Series statement Weekly Law Reports
Volume/sequential designation (1990) 2 WLR 1294-1304(11)
520 ## - SUMMARY, ETC.
Summary, etc. CA 28 February 1990 Developers (M) challenged the local authority`s (R) right to levy a charge for inquiries relating to speculative re development and development proposals by prospective purchasers, on the ground that R had no power to do so. On an application by M for judicial review of R`s decision not to revoke its policy, held that R did have the power under Local Government Act 1972 s111(1) . On appeal by M, CA upheld the decision.
650 ## - SUBJECT ADDED ENTRY--TOPICAL TERM
Topical term or geographic name entry element CASE LAW
650 ## - SUBJECT ADDED ENTRY--TOPICAL TERM
Topical term or geographic name entry element LOCAL AUTHORITIES
650 ## - SUBJECT ADDED ENTRY--TOPICAL TERM
Topical term or geographic name entry element PRE-PLANNING APPLICATION INQUIRIES
690 ## - LOCAL SUBJECT ADDED ENTRY--TOPICAL TERM (OCLC, RLIN)
Topical term or geographic name as entry element PLANNING LAW AND PRACTICE-CASE LAW
942 ## - ADDED ENTRY ELEMENTS (KOHA)
Suppress in OPAC 0
948 ## - LOCAL PROCESSING INFORMATION (OCLC); SERIES PART DESIGNATOR (RLIN)
c (OCLC) 04/03/1997
Holdings
Withdrawn status Lost status Source of classification or shelving scheme Damaged status Not for loan Home library Current library Shelving location Date acquired Total Checkouts Full call number Barcode Date last seen Copy number Price effective from Koha item type
    Dewey Decimal Classification     London London Journal article 14/09/1999   ABS42953 39702-1001 06/08/2019 1 06/08/2019 Law report